<?xml version="1.0" encoding="UTF-8"?>
<record
    xmlns:xsi="http://www.w3.org/2001/XMLSchema-instance"
    xsi:schemaLocation="http://www.loc.gov/MARC21/slim http://www.loc.gov/standards/marcxml/schema/MARC21slim.xsd"
    xmlns="http://www.loc.gov/MARC21/slim">

  <leader>01334nam0a2200289   4500</leader>
  <controlfield tag="001">RU\NLR\BIBL_A\022117495</controlfield>
  <controlfield tag="005">20260405073807.0</controlfield>
  <datafield tag="035" ind1=" " ind2=" ">
    <subfield code="a">(NLR Aleph) 022117495</subfield>
  </datafield>
  <datafield tag="090" ind1=" " ind2=" ">
    <subfield code="a">13319588</subfield>
    <subfield code="c">13319588</subfield>
  </datafield>
  <datafield tag="100" ind1=" " ind2=" ">
    <subfield code="a">20240126d1980    |||y0rusy50      ca</subfield>
  </datafield>
  <datafield tag="101" ind1="0" ind2=" ">
    <subfield code="a">aze</subfield>
    <subfield code="c">rus</subfield>
  </datafield>
  <datafield tag="102" ind1=" " ind2=" ">
    <subfield code="a">AZ</subfield>
  </datafield>
  <datafield tag="105" ind1=" " ind2=" ">
    <subfield code="a">a   z   000 y</subfield>
  </datafield>
  <datafield tag="200" ind1="1" ind2=" ">
    <subfield code="a">10-&#x4B9;&#x443; &#x441;&#x438;&#x43D;&#x438;&#x444;&#x434;&#x4D9; &#x4B9;&#x4D9;&#x431;&#x440; &#x432;&#x4D9; &#x430;&#x43D;&#x430;&#x43B;&#x438;&#x437;&#x438;&#x43D; &#x431;&#x430;&#x448;&#x43B;&#x430;&#x43D;&#x493;&#x44B;&#x4B9;&#x44B;</subfield>
    <subfield code="e">&#x43C;&#x4AF;&#x4D9;&#x43B;&#x43B;&#x438;&#x43C;&#x43B;&#x4D9;&#x440; &#x4AF;&#x447;&#x4AF;&#x43D; &#x432;&#x4D9;&#x441;&#x430;&#x438;&#x442;</subfield>
    <subfield code="f">&#x411;. &#x41C;. &#x418;&#x432;&#x43B;&#x435;&#x432;, &#x417;. &#x418;. &#x41C;&#x43E;&#x438;&#x441;&#x435;j&#x435;&#x432;&#x430;, &#x421;. &#x41C;. &#x421;&#x430;&#x430;&#x43A;&#x430;&#x43D;, &#x421;. &#x418;. &#x428;&#x432;&#x430;&#x440;&#x442;&#x441;&#x431;&#x443;&#x440;&#x434;</subfield>
    <subfield code="g">&#x440;&#x435;&#x434;.: &#x421;. &#x418;. &#x428;&#x432;&#x430;&#x440;&#x442;&#x441;&#x431;&#x443;&#x440;&#x434;</subfield>
  </datafield>
  <datafield tag="210" ind1=" " ind2=" ">
    <subfield code="a">&#x411;&#x430;&#x43A;&#x44B;</subfield>
    <subfield code="c">&#x41C;&#x430;&#x430;&#x440;&#x438;&#x444;</subfield>
    <subfield code="d">1980</subfield>
  </datafield>
  <datafield tag="215" ind1=" " ind2=" ">
    <subfield code="a">240, [2] c.</subfield>
    <subfield code="c">&#x438;&#x43B;.</subfield>
    <subfield code="d">22</subfield>
  </datafield>
  <datafield tag="300" ind1=" " ind2=" ">
    <subfield code="a">&#x41D;&#x430; &#x43E;&#x431;&#x43B;. &#x438; &#x442;&#x438;&#x442;. &#x43B;. &#x430;&#x432;&#x442;. &#x43D;&#x435; &#x443;&#x43A;&#x430;&#x437;&#x430;&#x43D;&#x44B;</subfield>
  </datafield>
  <datafield tag="541" ind1="1" ind2=" ">
    <subfield code="a">&#x410;&#x43B;&#x433;&#x435;&#x431;&#x440;&#x430; &#x438; &#x43D;&#x430;&#x447;&#x430;&#x43B;&#x430; &#x430;&#x43D;&#x430;&#x43B;&#x438;&#x437;&#x430; &#x432; 10 &#x43A;&#x43B;&#x430;&#x441;&#x441;&#x435;</subfield>
    <subfield code="e">(&#x43F;&#x43E;&#x441;&#x43E;&#x431;. &#x434;&#x43B;&#x44F; &#x443;&#x447;&#x438;&#x442;&#x435;&#x43B;&#x435;&#x439;)</subfield>
    <subfield code="z">rus</subfield>
  </datafield>
  <datafield tag="686" ind1="1" ind2=" ">
    <subfield code="a">&#x427;264</subfield>
  </datafield>
  <datafield tag="701" ind1=" " ind2="1">
    <subfield code="a">&#x418;&#x432;&#x43B;&#x435;&#x432;</subfield>
    <subfield code="b">&#x411;. &#x41C;.</subfield>
    <subfield code="f">1946-1990</subfield>
    <subfield code="g">&#x411;&#x43E;&#x440;&#x438;&#x441; &#x41C;&#x438;&#x445;&#x430;&#x439;&#x43B;&#x43E;&#x432;&#x438;&#x447;</subfield>
  </datafield>
  <datafield tag="701" ind1=" " ind2="1">
    <subfield code="a">&#x41C;&#x43E;&#x438;&#x441;&#x435;&#x435;&#x432;&#x430;</subfield>
    <subfield code="b">&#x417;. &#x418;.</subfield>
    <subfield code="g">&#x417;&#x43E;&#x44F; &#x418;&#x432;&#x430;&#x43D;&#x43E;&#x432;&#x43D;&#x430;</subfield>
    <subfield code="4">070</subfield>
  </datafield>
  <datafield tag="701" ind1=" " ind2="1">
    <subfield code="a">&#x421;&#x430;&#x430;&#x43A;&#x430;&#x43D;</subfield>
    <subfield code="b">&#x421;. &#x41C;..</subfield>
    <subfield code="g">&#x421;&#x430;&#x43C;&#x432;&#x435;&#x43B; &#x41C;&#x430;&#x43D;&#x430;&#x441;&#x43E;&#x432;&#x438;&#x447;</subfield>
    <subfield code="4">070</subfield>
  </datafield>
  <datafield tag="701" ind1=" " ind2="1">
    <subfield code="4">070</subfield>
    <subfield code="8">rus</subfield>
    <subfield code="7">ca</subfield>
    <subfield code="a">&#x428;&#x432;&#x430;&#x440;&#x446;&#x431;&#x443;&#x440;&#x434;</subfield>
    <subfield code="b">&#x421;.&#x418;.</subfield>
    <subfield code="f">1918-1996</subfield>
    <subfield code="g">&#x421;&#x435;&#x43C;&#x435;&#x43D; &#x418;&#x441;&#x430;&#x430;&#x43A;&#x43E;&#x432;&#x438;&#x447;</subfield>
    <subfield code="3">RU\NLR\AUTH\7720931</subfield>
    <subfield code="9">3997</subfield>
  </datafield>
  <datafield tag="852" ind1=" " ind2=" ">
    <subfield code="a">NLR</subfield>
    <subfield code="b">&#x41E;&#x41D;&#x41B;</subfield>
    <subfield code="j">&#x410;&#x437;&#x435;&#x440;&#x431;./3-11063</subfield>
  </datafield>
  <datafield tag="942" ind1=" " ind2=" ">
    <subfield code="c">BOOK</subfield>
  </datafield>
  <datafield tag="980" ind1=" " ind2=" ">
    <subfield code="a">NB</subfield>
  </datafield>
  <datafield tag="995" ind1=" " ind2=" ">
    <subfield code="5">2024-01-26</subfield>
    <subfield code="b">NLR01</subfield>
    <subfield code="c">NLR01</subfield>
    <subfield code="e">ONL01</subfield>
    <subfield code="f">1-3004233</subfield>
    <subfield code="k">&#x41E;&#x41D;&#x41B; &#x410;&#x437;&#x435;&#x440;&#x431;./3-11063</subfield>
    <subfield code="o">0</subfield>
    <subfield code="r">BOOK</subfield>
    <subfield code="s">_311063</subfield>
  </datafield>
</record>
